| 000 | 00358cam a2200145ua 4500 | ||
|---|---|---|---|
| 041 |
_amal _h |
||
| 082 |
_a894.8123 _bJOH/KA |
||
| 100 | _aJohn, T V . | ||
| 245 |
_aKadathukaranum Ambalpookkalum / _cT V John. _hTextual Documents |
||
| 260 |
_aQuilon : _bC M John, Kodukulanji , _c1957. |
||
| 300 | _a114. | ||
| 504 | _a | ||
| 942 | _cBK | ||
| 999 |
_c4408 _d4408 |
||